| 000 | 00727nam a22002297a 4500 | ||
|---|---|---|---|
| 003 | CO-ViMGA | ||
| 008 | 170811b xxu||||| |||| 00| 0 eng d | ||
| 020 | _a8423670244 | ||
| 040 |
_aCO-ViMGA _bspa _cCO-ViMGA |
||
| 090 | _aSARhj | ||
| 100 | 1 |
_aSARA, SANCHEZ _910459 |
|
| 245 | 1 | 0 |
_aLa historia de jonás / _bSara Sanchez ; Ilustracion Gustavo Mazali |
| 260 |
_aBarcelona , _bEditorial Edebe _c2004 |
||
| 300 |
_a28 pg, _bll. ; 22 x 24,5 cm. |
||
| 490 | _aQué nos cuenta la biblia de.... | ||
| 534 |
_pTitulo original es español ; _tLa historia de jonás |
||
| 650 | 1 | 4 |
_aHistoria de la biblia _910460 |
| 700 | 1 |
_aGustavo Mazali _etx. _910462 |
|
| 700 | 1 |
_aSara Sanchez _eil. _910461 |
|
| 942 |
_2ddc _cBK |
||
| 945 | _aSARhj | ||
| 999 |
_c36781 _d36781 |
||